000 00413nam a2200145Ia 4500
008 231129s2013||||xx |||||||||||||| ||spa||
020 _a978-958-46-3051-3
040 _bspa
082 _a923.587 B689ag
100 _aAguirre Gómez Óscar
245 0 _aSimón Bolí­var y la Francmasonerí­a
260 _c2013
264 _aPereira Colombia : Grafitel
942 _2ddc
_cBKS
999 _c24625
_d24625